000 00299nam a22001337a 4500
008 170208b xxu||||| |||| 00| 0 eng d
020 _a9780618528288
041 _aeng
080 _28TH
_a61
100 _a4
101 _aSHM
245 _aUNDERSTANDING ABNORMAL BEHAVIOUR
_cSUE, D
942 _2udc
_cBK
999 _c4939
_d4939